000 00391nam a2200145 i 4500
001 20459
003 ES-MaACL
007 t|
008 021112q18901899sp ||||1| spa d
100 1 _aAguilera, Joaquín.
_918761
245 1 0 _aMalalties de la vinya /
_cpor Joaquín Aguilera.
260 _aBarcelona :
_bLa Vanguardia,
_c1898?
300 _a189 p. ;
_c18 cm.
852 _aES-MaACL
_jG-13515
999 _c20459
_d20459